عرض عادي
عرض مارك
- Physical therapy
مدخل مصطلح موضوعي
001 - رقم الضبط
- حقل الضبط: 64600
003 - معرف رقم الضبط
- حقل الضبط: OSt
005 - تاريخ ووقت أخر عملية
- حقل الضبط: 20180829185917.0
008 - عناصر بيانات ثابتة الطول
- حقل تحكم ثابت الطول: 180829|| aca||aabn | a|a d
040 ## - مصدر الفهرسة
- هيئة الفهرسة الأصلية: OSt
- وكالة الكتابة: OSt
150 ## - مدخل-- مصطلح تاريخي
- عنصر مدخل المصطلح الموضوعي او الاسم الجغرافي: Physical therapy
670 ## - بيانات المصدر موجوده
- الاستشهاد بالمصدر: Work cat.: (OSt)0: Swain, James, MPT 64597, Diagnostic imaging for physical therapists /, c2009
